000 00733cam a22002531 4500
001 sa 66007647
003 DLC
005 20260227112306.0
008 840613s1965 ii 000 0 hino
010 _asa 66007647
025 _aPL480:I-H-2788
035 _a(OCoLC)21725871
040 _aDLC
_cCU
_dDLC
042 _apremarc
050 0 0 _aBL1210
_b.D3
100 1 _aDas, Bhagavan,
_d1869-1958.
245 1 0 _aVividhārtha.
_cLekhaka Bhagavānadāsa.
250 _aSaṃśodhita parishkr̥ta 2. saṃskaraṇa.
260 _aVārāṇasī,
_bCaukhambā Vidyābhavana,
_c1965.
300 _a16, 432 p.
_c19 cm.
440 0 _aVidyābhavana rāshṭrabhāshā granthamālā ;
_v90
500 _aIn Hindi.
650 0 _aHinduism.
999 _c71305
_d71305